Statistics for Largest Countries by Area or Population

Click here to take the quiz!

General Stats

  • This quiz has been taken 145,201 times
    (123,371 since last reset)
  • The average score is 26 of 31

Answer Stats

Country% Correct
China
100%
Russia
100%
India
99%
United States
99%
Brazil
98%
Canada
98%
Australia
94%
Mexico
93%
Argentina
92%
Indonesia
90%
Japan
88%
Germany
86%
Pakistan
85%
Kazakhstan
84%
Nigeria
84%
D. R. Congo
83%
Algeria
82%
Egypt
82%
Mongolia
82%
Iran
80%
Saudi Arabia
79%
Bangladesh
75%
Turkey
74%
Sudan
71%
Libya
67%
Philippines
67%
Thailand
67%
Vietnam
66%
Ethiopia
65%
Chad
64%
Peru
62%

Score Distribution

Percentile by Number Answered

Percent of People with Each Score

Your Score History

You have not taken this quiz since the last reset